000 00361nam a2200157Ia 4500
008 230312s9999||||xx |||||||||||||| ||und||
020 _a9788131215166
082 _a621.3692
_bAGR-N
100 _aAgrawal, Govind P.
245 0 _aNonlinear Fiber Optics
260 _bElsevier
_c2008
300 _a529
546 _aEng.
650 _aEngineering
942 _cBK
999 _c6119
_d6119